000 00768cam a2200181 4500
001 J100522
008 000000n1998 000 0 eng u
035 _a(Sirsi) u100224
041 _aENG
050 _a692.8
110 _aJoint Contracts Tribunal
_93664
245 _aSupplement to the standard form of building contract 1998 edition. Private and local authorities versions. Sectional completion supplement. With quantities and with approximate quantities, and practice note 1. Modifications to the standard form for use where the works are to be completed by phased sections.
260 _aLondon
_bRIBA Publications
_c1998
300 _aunpaginated ; 30cm.
650 _aJCT STANDARD FORM OF BUILDING CONTRACT 1998
690 _aContracts
_96232
942 _n0
999 _c99658
_d99658